[Event "HUN-chT2 Toth 1011"]
[Site "Hungary"]
[Date "2011.05.01"]
[Round "10.2"]
[White "Horvath, Jozsef"]
[Black "Purkald, Mihaly"]
[Result "1/2-1/2"]
[WhiteElo "2153"]
[BlackElo "2150"]
[PlyCount "70"]
[EventDate "2010.09.12"]
[EventType "team-tourn"]
[EventRounds "11"]
[EventCountry "HUN"]
[SourceTitle "EXT 2012"]
[Source "ChessBase"]
[SourceDate "2011.11.24"]
[SourceVersion "1"]
[SourceVersionDate "2011.11.24"]
[SourceQuality "1"]
[WhiteTeam "Takisz"]
[BlackTeam "Szolnok"]
[WhiteTeamCountry "HUN"]
[BlackTeamCountry "HUN"]

1. c4 Nf6 2. g3 g6 3. Bg2 Bg7 4. Nc3 0-0 5. Nf3 d5 6. cxd5 Nxd5 7. 0-0 c6 8. Qb3 Nb6 9. d3 e5 10. Be3 Be6 11. Qc2 h6 12. Rfd1 Nd5 13. Bc5 Re8 14. Nxd5 cxd5 15. Ne1 Nc6 16. e3 Rc8 17. Qd2 Qd7 18. b3 b6 19. Ba3 Rc7 20. Rac1 Rec8 21. Rc2 a5 22. Rdc1 Na7 23. Rxc7 Rxc7 24. Rxc7 Qxc7 25. d4 e4 26. Bf1 Bd7 27. Nc2 Nb5 28. Bb2 Bf8 29. Be2 Bd6 30. Kg2 h5 31. f3 f5 32. f4 Kf7 33. h4 Na7 34. Bc3 Nb5 35. Bb2 Na7 1/2-1/2

[Event "HUN-chT2 Toth 1011"]
[Site "Hungary"]
[Date "2011.04.10"]
[Round "8.2"]
[White "Papp, Petra"]
[Black "Purkald, Mihaly"]
[Result "1-0"]
[WhiteElo "2246"]
[BlackElo "2150"]
[PlyCount "119"]
[EventDate "2010.09.12"]
[EventType "team-tourn"]
[EventRounds "11"]
[EventCountry "HUN"]
[SourceTitle "EXT 2012"]
[Source "ChessBase"]
[SourceDate "2011.11.24"]
[SourceVersion "1"]
[SourceVersionDate "2011.11.24"]
[SourceQuality "1"]
[WhiteTeam "Roszke"]
[BlackTeam "Szolnok"]
[WhiteTeamCountry "HUN"]
[BlackTeamCountry "HUN"]

1. e4 e5 2. Nf3 Nc6 3. Bb5 a6 4. Ba4 Nf6 5. 0-0 b5 6. Bb3 Be7 7. Re1 d6 8. c3 0-0 9. h3 Na5 10. Bc2 c5 11. d4 Qc7 12. Nbd2 Re8 13. Nf1 Nc6 14. d5 Nb8 15. Ng3 g6 16. Nh2 Bf8 17. Qf3 Bg7 18. Bg5 Nbd7 19. Ng4 Nxg4 20. hxg4 c4 21. Qe2 Nf6 22. f3 h6 23. Be3 g5 24. Kf2 Kf8 25. Rh1 Ke7 26. a4 Bd7 27. Ra3 Reb8 28. axb5 axb5 29. Rha1 Rxa3 30. Rxa3 Qc8 31. Qe1 Ra8 32. Qa1 Rxa3 33. Qxa3 Qb7 34. Bd1 Ne8 35. Bc2 Kd8 36. Qa5+ Kc8 37. Bb6 Kb8 38. Nf5 Bf8 39. Bd1 Qa8 40. Qb4 Qa6 41. Be3 Bxf5 42. gxf5 Be7 43. Be2 Kc8 44. b3 cxb3 45. Qxb3 Nc7 46. Qb1 Kd7 47. Qh1 Bf8 48. f6 Qa5 49. Qb1 Kc8 50. Qb4 Qxb4 51. cxb4 Kb7 52. Kg3 Ne8 53. Kg4 Nxf6+ 54. Kf5 Be7 55. Bxb5 Nh5 56. Bc6+ Kc7 57. b5 Ng7+ 58. Kg4 h5+ 59. Kg3 f5 60. Ba7 1-0

[Event "HUN-chT2 Toth 1011"]
[Site "Hungary"]
[Date "2011.03.27"]
[Round "7.2"]
[White "Purkald, Mihaly"]
[Black "Sandor, Peter"]
[Result "1-0"]
[WhiteElo "2150"]
[BlackElo "2038"]
[PlyCount "95"]
[EventDate "2010.09.12"]
[EventType "team-tourn"]
[EventRounds "11"]
[EventCountry "HUN"]
[SourceTitle "EXT 2012"]
[Source "ChessBase"]
[SourceDate "2011.11.24"]
[SourceVersion "1"]
[SourceVersionDate "2011.11.24"]
[SourceQuality "1"]
[WhiteTeam "Szolnok"]
[BlackTeam "Bekes"]
[WhiteTeamCountry "HUN"]
[BlackTeamCountry "HUN"]

1. d4 d5 2. c4 e6 3. Nc3 c6 4. e3 Nf6 5. Nf3 Bb4 6. Bd3 dxc4 7. Bxc4 Ne4 8. Qc2 Nxc3 9. bxc3 Bd6 10. e4 0-0 11. 0-0 Nd7 12. e5 Be7 13. Qe4 Re8 14. Qg4 Nf8 15. h4 Kh8 16. Ng5 Bxg5 17. Bxg5 Qc7 18. h5 h6 19. Bf6 gxf6 20. exf6 Ng6 21. hxg6 fxg6 22. Qxg6 Rg8 23. Qxh6+ Qh7 24. Qxh7+ Kxh7 25. Rfe1 Rf8 26. Bxe6 Rxf6 27. Bxc8 Rxc8 28. Re7+ Kh6 29. Rxb7 c5 30. d5 Rcf8 31. f3 Re8 32. Kf2 Ra6 33. a4 c4 34. Rb4 Rg8 35. Rd1 Rag6 36. g4 Rd6 37. Rb5 Rg7 38. Rc5 Kg5 39. Rxc4 Rh7 40. Re4 Rh2+ 41. Ke3 Rc2 42. Rd3 Ra2 43. c4 Rxa4 44. c5 Rxe4+ 45. Kxe4 Rd8 46. Ra3 Re8+ 47. Kd4 Kf4 48. d6 1-0

[Event "HUN-chT2 Toth 1011"]
[Site "Hungary"]
[Date "2010.11.21"]
[Round "6.2"]
[White "Restas, Peter"]
[Black "Purkald, Mihaly"]
[Result "1-0"]
[WhiteElo "2275"]
[BlackElo "2150"]
[PlyCount "55"]
[EventDate "2010.09.12"]
[EventType "team-tourn"]
[EventRounds "11"]
[EventCountry "HUN"]
[SourceTitle "EXT 2012"]
[Source "ChessBase"]
[SourceDate "2011.11.24"]
[SourceVersion "1"]
[SourceVersionDate "2011.11.24"]
[SourceQuality "1"]
[WhiteTeam "Mako"]
[BlackTeam "Szolnok"]
[WhiteTeamCountry "HUN"]
[BlackTeamCountry "HUN"]

1. c4 Nf6 2. Nc3 d5 3. cxd5 Nxd5 4. g3 g6 5. Bg2 c6 6. Nf3 Bg7 7. d4 0-0 8. 0-0 Nd7 9. Nxd5 cxd5 10. Qb3 e6 11. Bf4 Qb6 12. Qc3 Qb5 13. e3 Nf6 14. a4 Qa6 15. Rfc1 b6 16. Bd6 Re8 17. Ne5 Qb7 18. Qa3 Bf8 19. Bxf8 Rxf8 20. Rc2 Ne8 21. Rac1 Bd7 22. Qe7 Bc8 23. Qxb7 Bxb7 24. Nd7 Kg7 25. Nxf8 Kxf8 26. Bf1 a6 27. Bd3 Ke7 28. Rc7+ 1-0

[Event "HUN-chT2 Erkel 0809"]
[Site "Hungary"]
[Date "2009.03.08"]
[Round "9.6"]
[White "Purkald, Mihaly"]
[Black "Szarvas, Sandor"]
[Result "1-0"]
[WhiteElo "2174"]
[BlackElo "2089"]
[PlyCount "117"]
[EventDate "2008.10.26"]
[EventType "team-tourn"]
[EventRounds "11"]
[EventCountry "HUN"]
[SourceTitle "EXT 2010"]
[Source "ChessBase"]
[SourceDate "2010.11.25"]
[SourceVersion "1"]
[SourceVersionDate "2010.11.25"]
[SourceQuality "1"]
[WhiteTeam "Keviterv"]
[BlackTeam "Paszto"]
[WhiteTeamCountry "HUN"]
[BlackTeamCountry "HUN"]

1. d4 Nf6 2. g3 g6 3. Bg2 Bg7 4. Nf3 d6 5. 0-0 0-0 6. c4 c6 7. Nc3 Qc7 8. e4 Nbd7 9. d5 c5 10. Rb1 a6 11. Bg5 Rb8 12. a4 h6 13. Bd2 Kh7 14. Nh4 Ne5 15. Qe2 g5 16. Nf5 Ng6 17. Nxg7 Kxg7 18. f4 g4 19. Rbe1 Ng8 20. e5 f5 21. e6 h5 22. h3 Nh6 23. Nd1 b5 24. axb5 axb5 25. cxb5 Qb6 26. Nc3 Bb7 27. Ra1 Ra8 28. h4 Rxa1 29. Rxa1 Ra8 30. Rxa8 Bxa8 31. Na4 Qa7 32. Qc4 Ng8 33. b3 Nf6 34. Bc3 Qb7 35. Kf2 Nf8 36. Qe2 N8h7 37. Qc4 Kg6 38. Bxf6 Nxf6 39. Nc3 Qb6 40. Ke2 Qa5 41. Na4 Bb7 42. Kd1 Qa8 43. Nc3 Qa1+ 44. Kc2 Qg1 45. Qe2 Qd4 46. Qd2 Qg1 47. Nd1 Qd4 48. Qxd4 cxd4 49. Kd3 Bxd5 50. Bxd5 Nxd5 51. Kxd4 Nb6 52. Nc3 Nc8 53. Nd5 Na7 54. Kc4 Kg7 55. Kb4 Kf8 56. Ka5 Ke8 57. Ka6 Nc8 58. b6 Nxb6 59. Kxb6 1-0

[Event "HUN-chT2 Erkel 0809"]
[Site "Hungary"]
[Date "2009.01.11"]
[Round "5.6"]
[White "Halasz, Csaba"]
[Black "Purkald, Mihaly"]
[Result "1/2-1/2"]
[WhiteElo "2157"]
[BlackElo "2174"]
[PlyCount "45"]
[EventDate "2008.10.26"]
[EventType "team-tourn"]
[EventRounds "11"]
[EventCountry "HUN"]
[SourceTitle "EXT 2010"]
[Source "ChessBase"]
[SourceDate "2010.11.25"]
[SourceVersion "1"]
[SourceVersionDate "2010.11.25"]
[SourceQuality "1"]
[WhiteTeam "MAFC"]
[BlackTeam "Keviterv"]
[WhiteTeamCountry "HUN"]
[BlackTeamCountry "HUN"]

1. e4 e5 2. Nf3 Nc6 3. d4 exd4 4. Bc4 d6 5. Nxd4 Nxd4 6. Qxd4 Qf6 7. Qd3 Qg6 8. 0-0 Bd7 9. Qb3 Bc6 10. Bd5 Bxd5 11. exd5 0-0-0 12. Qa3 a6 13. c4 h5 14. b4 Qg4 15. Qb3 Nh6 16. b5 axb5 17. cxb5 Nf5 18. h3 Qg6 19. Nd2 Nh4 20. Qg3 Be7 21. Bb2 f5 22. Rac1 f4 23. Qxg6 1/2-1/2

[Event "HUN-chT2 Erkel 0708"]
[Site "Hungary"]
[Date "2007.11.25"]
[Round "3"]
[White "Szekeres, Robert"]
[Black "Purkald, Mihaly"]
[Result "1-0"]
[WhiteElo "2209"]
[BlackElo "2184"]
[PlyCount "89"]
[EventDate "2007.10.14"]
[EventType "team"]
[EventRounds "11"]
[EventCountry "HUN"]
[SourceTitle "EXT 2009"]
[Source "ChessBase"]
[SourceDate "2008.11.26"]
[SourceVersion "1"]
[SourceVersionDate "2008.11.26"]
[SourceQuality "1"]
[WhiteTeam "Statisztika II"]
[BlackTeam "Keviterv"]
[WhiteTeamCountry "HUN"]
[BlackTeamCountry "HUN"]

1. d4 d5 2. c4 e6 3. Nf3 Nf6 4. Nc3 Be7 5. g3 0-0 6. Bg2 b6 7. cxd5 exd5 8. 0-0 Bb7 9. Nh4 Ne4 10. Nf5 Bf6 11. f3 Nxc3 12. bxc3 c5 13. e4 g6 14. Nh6+ Kh8 15. Ng4 Bg7 16. e5 f5 17. exf6 Bxf6 18. f4 Nd7 19. Be3 Bg7 20. Ne5 c4 21. Qc2 Nxe5 22. dxe5 Qd7 23. Bd4 Rae8 24. Rae1 Qe6 25. Rf2 Re7 26. Ref1 Ref7 27. Qe2 Bh6 28. Rf3 Kg8 29. R1f2 Bc8 30. Qf1 Qc6 31. Bh3 Bf5 32. Re3 Qe6 33. Bg2 g5 34. fxg5 Bd3 35. Rxf7 Bxf1 36. Rf6 Rxf6 37. exf6 Qc6 38. Kxf1 Bxg5 39. Rf3 Bxf6 40. Rxf6 Qb5 41. g4 Qb1+ 42. Kf2 Qxa2+ 43. Kg3 h6 44. Bxd5+ Kh7 45. Rf7+ 1-0

[Event "HUN-chT2 Erkel 0708"]
[Site "Hungary"]
[Date "2007.11.11"]
[Round "2"]
[White "Purkald, Mihaly"]
[Black "Csaszar, Gyula"]
[Result "1-0"]
[WhiteElo "2184"]
[BlackElo "2063"]
[PlyCount "125"]
[EventDate "2007.10.14"]
[EventType "team"]
[EventRounds "11"]
[EventCountry "HUN"]
[SourceTitle "EXT 2009"]
[Source "ChessBase"]
[SourceDate "2008.11.26"]
[SourceVersion "1"]
[SourceVersionDate "2008.11.26"]
[SourceQuality "1"]
[WhiteTeam "Keviterv"]
[BlackTeam "BEAC II"]
[WhiteTeamCountry "HUN"]
[BlackTeamCountry "HUN"]

1. d4 Nf6 2. Nf3 g6 3. g3 Bg7 4. Bg2 0-0 5. 0-0 c6 6. c4 d5 7. cxd5 cxd5 8. Nc3 Nc6 9. Bf4 Bf5 10. Qb3 Na5 11. Qb4 Rc8 12. Ne5 b6 13. Rac1 h6 14. g4 Be6 15. h3 g5 16. Be3 Nc4 17. Nxc4 Rxc4 18. Qa3 Qd7 19. Rcd1 Rfc8 20. f4 gxf4 21. Rxf4 b5 22. Qb3 a6 23. Rff1 R8c6 24. Bf4 Nxg4 25. hxg4 Bxd4+ 26. e3 Bxc3 27. bxc3 Rxc3 28. Qb1 Rc2 29. Rf2 Rxf2 30. Kxf2 Qc8 31. Bxd5 Rc2+ 32. Kg3 Bxg4 33. Rg1 Bf5 34. Qb4 Qf8 35. Kh4+ Kh7 36. Be4 Bg6 37. Bxc2 Bxc2 38. Rc1 Bg6 39. Qc5 Qd8 40. Kg3 Qd2 41. Rh1 h5 42. Qxe7 Qxa2 43. Qg5 Qe6 44. Be5 f5 45. Rxh5+ Kg8 46. Rh8+ Kf7 47. Qf4 a5 48. Bd6 Qd5 49. Qd4 Qxd4 50. exd4 Ke6 51. Bc5 Kd5 52. Kf4 Kc4 53. Rh6 Be8 54. Kxf5 b4 55. Rb6 b3 56. Ke5 Bb5 57. Ba3 Bd7 58. d5 a4 59. Rb7 Be8 60. d6 Kc3 61. d7 Bxd7 62. Rxd7 b2 63. Rb7 1-0

[Event "HUN-chT2 0102"]
[Site "Hungary"]
[Date "2001.12.02"]
[Round "4"]
[White "Kelemen, Gabor"]
[Black "Purkald, Mihaly"]
[Result "1/2-1/2"]
[WhiteElo "2221"]
[BlackElo "2213"]
[PlyCount "95"]
[EventDate "2001.??.??"]
[EventType "team"]
[EventRounds "11"]
[EventCountry "HUN"]
[SourceTitle "EXT 2004"]
[Source "ChessBase"]
[SourceDate "2003.11.25"]
[SourceVersion "1"]
[SourceVersionDate "2003.11.25"]
[SourceQuality "1"]

1. d4 d5 2. Nf3 Nf6 3. g3 b6 4. Bg2 Bb7 5. 0-0 e6 6. c4 Be7 7. b3 Nbd7 8. Bb2 0-0 9. Nbd2 c5 10. e3 Rc8 11. Ne5 Qc7 12. cxd5 exd5 13. Rc1 Bd6 14. Bh3 Rcd8 15. Ndf3 Rfe8 16. Qd3 Nf8 17. Ng5 Bxe5 18. dxe5 Ne4 19. Nf3 a5 20. Nh4 Ng6 21. Nxg6 hxg6 22. f3 Ng5 23. Bg2 Qc8 24. Qd2 Ne6 25. f4 d4 26. e4 Qa8 27. Rfe1 Nf8 28. Qf2 Qb8 29. Rcd1 Bc8 30. Bf1 Bg4 31. Rd2 Qc8 32. Bc4 Be6 33. Bb5 Bd7 34. Qf1 Qb7 35. a4 Bc6 36. Qd3 Bxb5 37. Qxb5 Nd7 38. Ba3 Qc7 39. Qc4 Nb8 40. h3 Nc6 41. Kh2 Rd7 42. Qd3 Nd8 43. h4 Nc6 44. Kg2 Rdd8 45. Kh2 Qc8 46. Kg2 Qb7 47. Rc1 Nb8 48. Kf3 1/2-1/2

[Event "HUN-chT2 0102"]
[Site "Hungary"]
[Date "2001.11.18"]
[Round "3"]
[White "Purkald, Mihaly"]
[Black "Kiss, Peter"]
[Result "1/2-1/2"]
[WhiteElo "2213"]
[BlackElo "2172"]
[PlyCount "44"]
[EventDate "2001.??.??"]
[EventType "team"]
[EventRounds "11"]
[EventCountry "HUN"]
[SourceTitle "EXT 2004"]
[Source "ChessBase"]
[SourceDate "2003.11.25"]
[SourceVersion "1"]
[SourceVersionDate "2003.11.25"]
[SourceQuality "1"]

1. d4 d5 2. Nf3 c6 3. Bf4 Nf6 4. Nbd2 Bf5 5. e3 e6 6. Nh4 Bg6 7. Nxg6 hxg6 8. h3 Bd6 9. Bxd6 Qxd6 10. Nf3 Nbd7 11. c3 Ne4 12. Bd3 Ndf6 13. Ne5 Qc7 14. Qa4 Nc5 15. Qc2 Nxd3+ 16. Qxd3 Nd7 17. Nf3 e5 18. dxe5 Nxe5 19. Nxe5 Qxe5 20. 0-0-0 0-0-0 21. Qd4 Qxd4 22. Rxd4 Rhe8 1/2-1/2

[Event "HUN-chT2 9900"]
[Site "Hungary"]
[Date "1999.10.17"]
[Round "3"]
[White "Purkald, Mihaly"]
[Black "Gyurkovics, Miklos"]
[Result "0-1"]
[WhiteElo "2224"]
[BlackElo "2236"]
[PlyCount "84"]
[EventDate "1999.09.26"]
[EventType "team"]
[EventRounds "11"]
[EventCountry "HUN"]
[SourceTitle "EXT 2002"]
[Source "ChessBase"]
[SourceDate "2001.11.25"]
[SourceVersion "1"]
[SourceVersionDate "2001.11.25"]
[SourceQuality "1"]

1. d4 g6 2. Nf3 Bg7 3. g3 f5 4. c3 Nf6 5. Qb3 e6 6. Bg2 0-0 7. Bf4 Nc6 8. Nbd2 h6 9. Ne5 Nxe5 10. Bxe5 d6 11. Bxf6 Qxf6 12. f4 Kh8 13. Nc4 g5 14. e3 Qe7 15. 0-0-0 d5 16. Ne5 Bxe5 17. dxe5 Bd7 18. h3 Qc5 19. Rd4 gxf4 20. exf4 Qa5 21. Kb1 c5 22. Rd2 b5 23. Qc2 Rab8 24. g4 b4 25. c4 d4 26. b3 Qb6 27. Rf2 a5 28. gxf5 Rxf5 29. Be4 Bc6 30. Rg1 Bxe4 31. Qxe4 Qb7 32. Qd3 Qh7 33. Qe4 Rbf8 34. Rg4 h5 35. Rg1 Rxf4 36. Qxh7+ Kxh7 37. Rfg2 Rf1+ 38. Rxf1 Rxf1+ 39. Kc2 Re1 40. Rg5 Kh6 41. h4 Re2+ 42. Kb1 Re4 0-1

[Event "HUN-chT2 9899"]
[Site "Hungary"]
[Date "1999.??.??"]
[Round "?"]
[White "Isepy, Jozsef"]
[Black "Purkald, Mihaly"]
[Result "1-0"]
[WhiteElo "2185"]
[BlackElo "2195"]
[PlyCount "99"]
[EventDate "1998.??.??"]
[EventType "team"]
[EventRounds "12"]
[EventCountry "HUN"]
[SourceTitle "EXT 2000"]
[Source "ChessBase"]
[SourceDate "1999.11.16"]
[SourceVersion "1"]
[SourceVersionDate "1999.11.16"]
[SourceQuality "1"]

1. e4 e5 2. Nf3 Nc6 3. Bb5 Nf6 4. 0-0 d6 5. Nc3 Bg4 6. h3 Bh5 7. d3 Be7 8. Be3 0-0 9. g4 Bg6 10. Bc4 Na5 11. Bb3 Nxb3 12. axb3 c5 13. Bg5 Ne8 14. Bxe7 Qxe7 15. Nd5 Qd8 16. Qd2 Nc7 17. Nxc7 Qxc7 18. Nh4 Qe7 19. Ng2 f6 20. Ne3 Bf7 21. c4 Qc7 22. Ra3 a5 23. Kg2 Be6 24. Kg3 g6 25. f3 Kg7 26. Rfa1 b6 27. Rg1 Rh8 28. Raa1 Kf7 29. Rh1 h5 30. h4 Rag8 31. Kf2 Rg7 32. Rag1 hxg4 33. fxg4 Rgh7 34. Kg3 Qd7 35. Rf1 Ke7 36. Rf3 Rf7 37. Rhf1 Rhf8 38. Nf5+ gxf5 39. exf5 Rh7 40. fxe6 Qxe6 41. Rf5 Qg8 42. Qg2 d5 43. cxd5 Qh8 44. h5 Rhf7 45. Qe4 Kd6 46. Qa4 Kxd5 47. Rxe5+ Kxe5 48. Qc6 Re8 49. Re1+ Kd4 50. Qd6# 1-0

[Event "HUN-chT2 9899"]
[Site "Hungary"]
[Date "1999.??.??"]
[Round "?"]
[White "Pasztor, Ferenc"]
[Black "Purkald, Mihaly"]
[Result "1/2-1/2"]
[WhiteElo "2270"]
[BlackElo "2165"]
[PlyCount "49"]
[EventDate "1998.??.??"]
[EventType "team"]
[EventRounds "12"]
[EventCountry "HUN"]
[SourceTitle "EXT 2000"]
[Source "ChessBase"]
[SourceDate "1999.11.16"]
[SourceVersion "1"]
[SourceVersionDate "1999.11.16"]
[SourceQuality "1"]

1. d4 d5 2. Nf3 Nf6 3. g3 c5 4. Bg2 Nc6 5. 0-0 e6 6. c4 dxc4 7. Qa4 Bd7 8. Qxc4 cxd4 9. Nxd4 Rc8 10. Nxc6 Bxc6 11. Bxc6+ Rxc6 12. Qb5 Qc8 13. Nc3 Be7 14. Bg5 a6 15. Qb3 h6 16. Bf4 0-0 17. Rad1 Rd8 18. Rxd8+ Bxd8 19. Rd1 Bc7 20. Bxc7 Qxc7 21. Rd2 Rc5 22. Qd1 Nd5 23. Nxd5 Rxd5 24. Rxd5 exd5 25. b3 1/2-1/2

[Event "HUN-chT2 9899"]
[Site "Hungary"]
[Date "1998.??.??"]
[Round "?"]
[White "Kun, Sandor"]
[Black "Purkald, Mihaly"]
[Result "0-1"]
[WhiteElo "2200"]
[BlackElo "2165"]
[PlyCount "52"]
[EventDate "1998.??.??"]
[EventType "team"]
[EventRounds "12"]
[EventCountry "HUN"]
[SourceTitle "EXT 2000"]
[Source "ChessBase"]
[SourceDate "1999.11.16"]
[SourceVersion "1"]
[SourceVersionDate "1999.11.16"]
[SourceQuality "1"]

1. e4 e5 2. Nf3 Nc6 3. Bb5 a6 4. Ba4 Nf6 5. 0-0 b5 6. Bb3 Be7 7. Re1 0-0 8. a4 Bb7 9. Nc3 Nd4 10. Nxd4 exd4 11. Nd5 Nxd5 12. exd5 c5 13. axb5 Bf6 14. bxa6 Rxa6 15. Rxa6 Bxa6 16. d3 d6 17. Bd2 Qb6 18. Qa1 Bxd3 19. Qa5 Qxa5 20. Bxa5 Bb5 21. Bc7 Be5 22. g3 g5 23. c4 dxc3 24. bxc3 Bxc3 25. Bxd6 Bxe1 26. Bxf8 Kxf8 0-1

[Event "HUN-chT2 9798"]
[Site "Hungary"]
[Date "1998.??.??"]
[Round "?"]
[White "Purkald, Mihaly"]
[Black "Gal, Karoly"]
[Result "1-0"]
[WhiteElo "2235"]
[BlackElo "2195"]
[PlyCount "30"]
[EventDate "1997.??.??"]
[EventType "team"]
[EventRounds "11"]
[EventCountry "HUN"]
[SourceTitle "EXT 1999"]
[Source "ChessBase"]
[SourceDate "1998.11.16"]
[SourceVersion "1"]
[SourceVersionDate "1998.11.16"]
[SourceQuality "1"]

1. d4 d5 2. Nf3 e6 3. c4 Nf6 4. Bg5 Be7 5. Nc3 0-0 6. e3 b6 7. Bd3 Bb7 8. 0-0 Nbd7 9. Rc1 dxc4 10. Bxc4 c5 11. dxc5 Nxc5 12. Qe2 Nd5 13. Bxe7 Nxc3 14. Bxd8 Nxe2+ 15. Bxe2 Raxd8 1-0

[Event "HUN-chT2 9798"]
[Site "Hungary"]
[Date "1998.??.??"]
[Round "?"]
[White "Purkald, Mihaly"]
[Black "Nagy, Sandor"]
[Result "1-0"]
[WhiteElo "2235"]
[BlackElo "2015"]
[PlyCount "53"]
[EventDate "1997.??.??"]
[EventType "team"]
[EventRounds "11"]
[EventCountry "HUN"]
[SourceTitle "EXT 1999"]
[Source "ChessBase"]
[SourceDate "1998.11.16"]
[SourceVersion "1"]
[SourceVersionDate "1998.11.16"]
[SourceQuality "1"]

1. d4 f5 2. Nf3 g6 3. Nc3 Nf6 4. Bg5 Bg7 5. Bxf6 Bxf6 6. e4 e6 7. Qd2 b6 8. 0-0-0 0-0 9. h4 Ba6 10. Kb1 h5 11. Qh6 Qe8 12. Ng5 Bxg5 13. Qxg5 Bxf1 14. Rhxf1 Qf7 15. f3 Qf6 16. Qf4 d6 17. e5 dxe5 18. dxe5 Qe7 19. Qc4 Kg7 20. g4 c6 21. gxh5 Nd7 22. f4 Nc5 23. Rg1 b5 24. Rxg6+ Kh7 25. Qf1 b4 26. Qg2 bxc3 27. Rh6+ 1-0

[Event "HUN-chT2 9798"]
[Site "Hungary"]
[Date "1997.??.??"]
[Round "?"]
[White "Dupsky, Laszlo"]
[Black "Purkald, Mihaly"]
[Result "0-1"]
[WhiteElo "2260"]
[BlackElo "2235"]
[PlyCount "101"]
[EventDate "1997.??.??"]
[EventType "team"]
[EventRounds "11"]
[EventCountry "HUN"]
[SourceTitle "EXT 1999"]
[Source "ChessBase"]
[SourceDate "1998.11.16"]
[SourceVersion "1"]
[SourceVersionDate "1998.11.16"]
[SourceQuality "1"]

1. d4 d5 2. Nf3 Nf6 3. Bf4 e6 4. Nbd2 c5 5. e3 Nc6 6. c3 Bd6 7. Bg3 cxd4 8. exd4 Bxg3 9. hxg3 Qb6 10. Qb3 Qxb3 11. axb3 h6 12. b4 0-0 13. Bd3 Re8 14. b5 Nb8 15. 0-0 Nbd7 16. Rfe1 Nb6 17. Ra2 Bd7 18. Ne5 Re7 19. Rea1 Nc8 20. b3 Ne8 21. c4 Nc7 22. Nb1 Be8 23. Nc3 Rb8 24. c5 g6 25. f4 Kg7 26. g4 f6 27. Nf3 g5 28. g3 Bg6 29. Bf1 Be4 30. Nxe4 dxe4 31. Nd2 f5 32. Nb1 Rd7 33. Rd2 Nd5 34. Bc4 e3 35. Rd1 Nce7 36. Rxa7 Rbd8 37. c6 bxc6 38. Rxd7 Rxd7 39. bxc6 Nxc6 40. Bb5 Rd6 41. fxg5 hxg5 42. Kg2 Ndb4 43. gxf5 Nxd4 44. fxe6 Nxb5 45. Rxd6 Nxd6 46. Nc3 g4 47. Kf1 Kf6 48. Ke2 Nf5 49. Nd1 Kxe6 50. Nxe3 Nxe3 51. Kxe3 0-1

[Event "HUN-chT2 9798"]
[Site "Hungary"]
[Date "1997.??.??"]
[Round "?"]
[White "Egri, Laszlo"]
[Black "Purkald, Mihaly"]
[Result "1-0"]
[WhiteElo "2150"]
[BlackElo "2235"]
[PlyCount "71"]
[EventDate "1997.??.??"]
[EventType "team"]
[EventRounds "11"]
[EventCountry "HUN"]
[SourceTitle "EXT 1999"]
[Source "ChessBase"]
[SourceDate "1998.11.16"]
[SourceVersion "1"]
[SourceVersionDate "1998.11.16"]
[SourceQuality "1"]

1. e4 e5 2. Nf3 Nc6 3. d4 exd4 4. c3 d3 5. Bxd3 d6 6. h3 Be7 7. 0-0 Nf6 8. Nd4 Ne5 9. Bc2 c5 10. Ne2 b5 11. a4 Bd7 12. axb5 Bxb5 13. Na3 Bc6 14. f4 Ng6 15. e5 dxe5 16. Bxg6 hxg6 17. fxe5 Qxd1 18. Rxd1 Ne4 19. Nf4 g5 20. Nd5 Bd8 21. Nc4 0-0 22. Nd6 Nxd6 23. exd6 a5 24. Be3 Rb8 25. Ne7+ Bxe7 26. dxe7 Rfe8 27. Bxc5 Rxb2 28. Rxa5 Rxg2+ 29. Kf1 Rb2 30. Ba3 Rb5 31. Ra6 Rf5+ 32. Kg1 Bb5 33. Rd8 f6 34. c4 Kf7 35. cxb5 Rxb5 36. Rxe8 1-0

[Event "HUN-chT2"]
[Site "Hungary"]
[Date "1997.??.??"]
[Round "5"]
[White "Hajdu, Balazs"]
[Black "Purkald, Mihaly"]
[Result "1-0"]
[WhiteElo "2110"]
[BlackElo "2235"]
[PlyCount "67"]
[EventDate "1997.??.??"]
[EventType "team-swiss"]
[EventRounds "13"]
[EventCountry "HUN"]
[SourceTitle "EXT 2006"]
[Source "ChessBase"]
[SourceDate "2005.11.24"]
[SourceVersion "1"]
[SourceVersionDate "2005.11.24"]
[SourceQuality "1"]

1. e4 e5 2. Nf3 Nc6 3. d4 exd4 4. Nxd4 Qf6 5. Be3 Bc5 6. c3 Qg6 7. Nd2 Nf6 8. f3 Bb6 9. Nc4 Bxd4 10. cxd4 d5 11. Ne5 Nxe5 12. dxe5 Nd7 13. Qxd5 0-0 14. Rc1 Nb6 15. Qd2 Be6 16. Rxc7 Bxa2 17. Qf2 Rac8 18. Bxb6 axb6 19. Rc3 Qe6 20. f4 Rxc3 21. bxc3 Qb3 22. Qd2 Rc8 23. Be2 Qb1+ 24. Bd1 Qxe4+ 25. Kf2 Qc4 26. Bg4 Qc5+ 27. Qd4 Qxc3 28. Qxb6 Qc5+ 29. Qxc5 Rxc5 30. Rd1 g6 31. Rd8+ Kg7 32. Rd7 h5 33. e6 Kg8 34. e7 1-0

[Event "HUN-chT2"]
[Site "Hungary"]
[Date "1997.??.??"]
[Round "8"]
[White "Purkald, Mihaly"]
[Black "Fekete, Albert"]
[Result "0-1"]
[WhiteElo "2235"]
[BlackElo "2260"]
[PlyCount "90"]
[EventDate "1997.??.??"]
[EventType "team-swiss"]
[EventRounds "13"]
[EventCountry "HUN"]
[SourceTitle "EXT 2006"]
[Source "ChessBase"]
[SourceDate "2005.11.24"]
[SourceVersion "1"]
[SourceVersionDate "2005.11.24"]
[SourceQuality "1"]

1. d4 c5 2. d5 e5 3. e4 d6 4. c4 Be7 5. Nc3 Bg5 6. Bd3 Bxc1 7. Rxc1 Nf6 8. Nge2 0-0 9. 0-0 a6 10. Ng3 g6 11. Qd2 Kg7 12. Qg5 h6 13. Qd2 Nbd7 14. Rce1 Nh7 15. Qc2 Qh4 16. Re3 Ndf6 17. Nf5+ gxf5 18. Rh3 Qxh3 19. gxh3 f4 20. f3 Bxh3 21. Re1 Kh8 22. Kf2 Rg8 23. Bf1 Ng5 24. Qd3 Rg6 25. Ke2 Bxf1+ 26. Rxf1 Nh3 27. Nd1 Rg2+ 28. Ke1 Rxh2 29. Nf2 Rg8 30. Nxh3 Rxh3 31. Qb3 Rg2 32. Rf2 Rxf2 33. Kxf2 Ng4+ 34. Ke2 Rh2+ 35. Ke1 Rh1+ 36. Kd2 Rh2+ 37. Kc3 Rh3 38. Qxb7 Rxf3+ 39. Kd2 Kg7 40. Qd7 Nf6 41. Qa7 Nxe4+ 42. Ke1 Re3+ 43. Kf1 f3 44. Qd7 h5 45. Qh3 Rd3 0-1